[Event "Tan Chin Nam Cup 4th"]
[Site "Beijing"]
[Date "1998.06.13"]
[Round "6"]
[White "Zhu, Chen"]
[Black "Kudrin, Sergey"]
[Result "0-1"]
[WhiteElo "2490"]
[BlackElo "2565"]
[Annotator "Stohl,I"]
[PlyCount "142"]
[EventDate "1998.06.08"]
[EventType "tourn"]
[EventRounds "11"]
[EventCountry "CHN"]
[EventCategory "12"]
[SourceTitle "CBM 066"]
[Source "ChessBase"]
[SourceDate "1998.09.30"]
[SourceVersion "1"]
[SourceVersionDate "1998.09.30"]
[SourceQuality "1"]

1. d4 {Hecht} Nf6 2. Nf3 g6 3. Bg5 Bg7 4. c3 O-O 5. Nbd2 d6 6. e4 c5 7. dxc5
dxc5 8. Bc4 Qc7 (8... Nc6 9. O-O (9. h3 b6 (9... Qc7 $5 {-8...Qc7}) 10. O-O Bb7
11. Qe2 Nd7 12. Rad1 Qc7 13. Bd5 Nf6 14. Bb3 h6 15. Be3 Rad8 16. Nh4 Na5 17.
Bc2 e5 $6 18. Rfe1 Nh5 19. Nhf3 a6 20. Nc4 Nc6 21. a4 Rfe8 22. Rxd8 $1 Rxd8 23.
Rd1 $36 {[%csl Rb6,Re5] ><b6,e5,Miles,A-Blocker,C/Philadelphia op/1987/ A good
example of what Black should avoid in this line.}) 9... Qc7 10. Re1 h6 11. Bh4
Nh5 12. Qe2 g5 13. Bg3 Nxg3 14. hxg3 $11 {1/2,Tyomkin,D-Kudrin,S/North Bay op/
1998/}) 9. Qe2 Nc6 10. h3 $6 {White tries to preserve her Bg5 and avois lines
as in the game quoted above. But this costs time and gives Black tactical
chances, which Kudrin nicely exploits.} (10. O-O $142 h6 (10... Na5 11. Bd3 h6
12. Bh4 Nh5 13. Qe3 Rd8 14. Bc2 g5 15. Bg3 Nxg3 16. fxg3 $5 Be6 17. e5 Qc6 18.
Ne4 Nc4 19. Qxc5 Qxc5+ 20. Nxc5 Bd5 21. Bb3 Rac8 22. Nd3 Ne3 23. Bxd5 Nxd5 24.
Rfd1 Ne3 25. Rd2 Nc4 26. Rdd1 g4 27. Nd4 e6 28. Re1 Rd5 29. Re4 $14 {Zilberman,
N-Yurtaev,L/Frunze/1989/}) 11. Bxf6 $5 (11. Bh4 Nh5 12. Qe3 g5 $5 (12... b6 13.
Rfe1 g5 14. Bxg5 hxg5 15. Qxg5 Nf4 $1 (15... Nf6 16. e5 Ng4 17. Bd5 Rb8 18. e6
f5 19. Nf1 Nf6 20. Ng3 Nh7 21. Qg6 Kh8 22. Nxf5 Rg8 23. Ng5 {1-0,Speelman,
J-Howell,J/Calcutta op/1996/}) 16. e5 Ne6 17. Qg3 $2 (17. Qh5 Nf4 $11) 17...
Rd8 18. Re4 b5 19. Bxb5 Nxe5 20. Nxe5 Rxd2 21. Bc4 Qd6 22. h3 Bb7 23. Rg4 Bd5
24. Qe3 Bxc4 25. Nxc4 Rd1+ $17 {Kanstler,B-Peker,O/Petach Tikva/1996/}) 13. Bg3
Nxg3 14. hxg3 b6 15. Rfe1 Bb7 16. Qe2 Rad8 17. Nf1 Ne5 18. Nxe5 Qxe5 19. Rad1
Qc7 20. Nh2 Rxd1 21. Rxd1 Rd8 22. Rxd8+ Qxd8 23. Qd3 Qxd3 24. Bxd3 e6 25. Kf1
Kf8 26. Ke2 Ke7 $15 {Prakash,G-Saravanan,V/Goodricke Calcutta/1997/}) 11...
exf6 (11... Bxf6 12. Qe3 Ne5 13. Nxe5 Bxe5 14. Qxh6 b5 $1 15. Bd5 Bg7 16. Qe3
Rb8 17. a4 e6 18. Bb3 c4 19. Bd1 b4 20. Be2 bxc3 21. bxc3 Ba6 22. Rfb1 Rfd8 23.
Bf1 Rbc8 $14 {<=>,Delemarre,J-Tseitlin,M/Groningen op/1997/}) 12. Nh4 Ne5 13.
Bb3 Rd8 14. f4 Bg4 15. Qe3 Rd3 16. Qf2 Rad8 17. Bd5 R3xd5 18. exd5 Nd3 19. Qe3
Rxd5 20. h3 Bd7 21. c4 f5 22. Nhf3 Rd6 23. Ne5 Nxb2 24. Ndf3 Be6 25. Qb3 Rb6
26. Qc2 Rb4 27. a3 Rxc4 28. Nxc4 Nxc4 29. Rae1 Qxf4 $13 {Stefanova,
A-Makropoulou,M/Balkaniad Varna/1994/}) 10... h6 11. Be3 (11. Bxf6 exf6 {
[%cal Rf6f5] /\f5} (11... Bxf6 12. Qe3 Na5 13. Qxh6 $14) 12. Nh4 Ne5 13. Bd5 f5
14. f4 Bf6 $36 {[%csl Re1] עe1}) 11... Nh5 $1 {Starting the aforementioned
sacrificial sequence.} 12. Nh2 $6 {Another strange move.} (12. Bxc5 $6 Nf4 13.
Qf1 Na5 14. Be3 Nxg2+ 15. Qxg2 Nxc4 $17) (12. g3 $5 b6 $11 (12... Na5 13. Bd3
Be6 14. e5 $1 $36 {[%cal Rg3g4] /\g4})) 12... b5 $1 (12... Nd4 13. Qd3 b5 14.
Bd5 (14. cxd4 cxd4 15. Bd5 (15. Bxd4 bxc4 16. Qc3 Bxd4 17. Qxd4 Nf4 $15) 15...
dxe3 16. Bxa8 Nf4 $1 $40) 14... c4 15. Qb1 Nc6 16. a4 $13) 13. Bxb5 $8 Nd4 $1
14. cxd4 {After other moves Black's compensation more than outweighs his
material disadvantage.} (14. Qd3 Nxb5 15. Qxb5 Rb8 16. Qxc5 Qxc5 17. Bxc5 Rxb2
18. Ba3 (18. Bd4 Bxd4 19. cxd4 Ba6 $40) 18... Rc2 19. Kd1 Rxc3 20. Bxe7 Re8 $44
) (14. Bxd4 cxd4 $40) 14... cxd4 15. O-O (15. Bxd4 Bxd4 $40 {/\} 16. O-O Ng3
$19) 15... dxe3 16. Qxe3 Rb8 $17 17. Rac1 (17. Bc4 Rxb2 18. Rac1 Qf4 $36) 17...
Qf4 18. Qxf4 $8 Nxf4 19. Bc4 Rxb2 20. Nhf3 Be6 21. a3 Rc8 22. g3 $5 {It's not
easy to recommend anything else.} (22. Bxe6 $2 Rxc1 23. Rxc1 Ne2+ $19) 22...
Nxh3+ 23. Kg2 Bd7 $1 24. e5 Ng5 25. Nxg5 hxg5 26. Ne4 Bxe5 (26... Bc6 {runs
into} 27. Bd5 $1 Rb6 28. Rc5 e6 29. Bxc6 Rbxc6 30. Ra5 $15 {<=>}) 27. Nxg5 e6
28. Rfd1 Rc7 $2 {After this Black has to win the game all over again.} (28...
Bc6+ 29. Kg1 Kg7 $5 $19 {[%cal Rc8h8] /\Rh8->} (29... Bd5 30. Bxd5 Rxc1 31.
Rxc1 exd5 $17)) 29. Bxe6 $1 Bc6+ (29... Rxc1 30. Bxf7+ Kg7 31. Rxc1 Bd4 (31...
Bf6 $6 32. Rc7 $14) 32. Ne6+ Bxe6 33. Bxe6 $11) (29... Bxe6 $2 30. Rd8+ Kg7 31.
Nxe6+ fxe6 32. Rxc7+ Bxc7 33. Rd7+ $16 {and suddenly White will be a pawn up.})
30. Kg1 Rb6 (30... fxe6 $2 31. Rd8+ Kg7 32. Nxe6+ $18) 31. Bd5 (31. Ba2 $143
Bb2 $36) 31... Bxd5 32. Rxc7 Bxc7 33. Rxd5 Rd6 34. Rc5 $2 {Difficult to
understand. Black's edge is only nominal after} (34. Rxd6 Bxd6 35. a4 Kf8 36.
Kf1 Ke7 37. Ke2 $11 {White should be able to draw the endgame easily. Now she
gets into trouble again.}) 34... Bb6 35. Rc4 (35. Rc3 Rd2 36. Nh3 (36. Ne4 Re2
37. Rc4 f5 $19) 36... Kf8 $17) 35... Rd3 {[%cal Rd3a3,Rd3g3] /\Ra3,Rg3} 36. Ne4
Rxa3 {The _|_ play of both sides is not devoid of technical faults, with still
more to come.} (36... f5 $142 $5 37. Nc5 Rxa3 $19) 37. g4 $5 Rd3 38. g5 $17 {
[%csl Rf7,Rg8] White has created potential for <=> against Black's K and ><f7.}
Kf8 39. Rc8+ Rd8 40. Rc6 Ke7 41. Kg2 Rd5 (41... Rb8 {/\a5} 42. Nf6 Bd4 $17) 42.
f4 Rd3 43. Nf6 Rd6 44. Rc8 Ke6 45. Ne4 Rd3 $6 {In the R_|_ White increases her
drawing chances.} (45... Rd1 $142 $5 $17 {/\} 46. Kf3 Rf1+ $1) 46. Nc5+ $1 $15
Bxc5 47. Rxc5 Ra3 (47... Rd5 48. Rc6+ Rd6 49. Rc7 a6 50. Ra7 {[%csl Rf7]
<=>><f7}) 48. Rc6+ Ke7 49. Rc7+ Ke6 50. Rc6+ Kd7 51. Rf6 Ke7 52. Kf2 (52. f5 $2
Ra5 $19) 52... a5 53. Ra6 $6 (53. f5 gxf5 54. Rxf5 a4 55. Ra5 $11 {should be
sufficient for a draw. Now White risks losing again.}) 53... a4 {[#] Hecht: 
Nach einigem hin und her ist nun also der weiße Turm hinter den a-Freibauern
gelangt, den der schwarze Turm von v o r n verteidigt. Was passiert, wenn Weiß
mit Kg2 abwartet und den Turm auf a6 beläßt?  a) Schwarz rückt den Bauern nach
a2 vor und greift mit dem König f4 an; b) Schwarz beorderrt sofort den König
zum Damenflügel und gibt zumindest f7 auf.} 54. Ra7+ $2 (54. Kg2 {Hecht
Analyse zu a)} Ra1 55. Kh2 a3 56. Kg2 (56. Ra7+ Ke6 57. Ra6+ Kf5 (57... Kd5 {
ist auch gut. So oder so machen die weißen Schachs keinen Sinn.}) 58. Rf6+ Kg4
59. Rxf7 Rb1 60. Ra7 Rb2+ 61. Kg1 a2 $19 {[%cal Rb2b1]}) 56... a2 (56... Kd7 {
Hecht} 57. Kh2 Kc7 58. Rf6 Kb7 59. Rxf7+ Kb6 60. Rf8 Kb5 61. f5 $132 {
Allerdings kann Schwarz rechtzeitig zum zuerst skizzierten Gewinnplan
zurückkehren.}) 57. Kh2 Kd7 58. Kg2 Kc7 59. Kh2 Kb7 60. Ra3 Kb6 61. Kg2 Kb5 62.
Ra8 Kb4 63. Rb8+ Kc4 64. Ra8 Kd4 65. Ra7 Ke4 66. Ra4+ Kf5 $1 {Zugzwang?} (66...
Ke3 {Zugzwang?} 67. Ra7 {[%csl Rf7] Nein!} Kxf4 (67... Re1 68. Rxa2 Re2+ 69.
Rxe2+ Kxe2 70. Kg3 Ke3 71. Kg4 Kf2 72. f5 Ke3 73. fxg6 fxg6 74. Kg3 $11) (67...
Rd1 68. Rxa2 Rd7 (68... Rd4 69. Kg3 $11 Rxf4 $4 70. Ra3+ Ke4 71. Ra4+) 69. Kg3
$11) 68. Rxf7+ Kxg5 69. Ra7 $11 {Der g-Bauer ist nutzlos.}) 67. Ra7 {Nein,aber.
..} Kg4 $1 {[%csl Rf4,Rg5][%cal Ya1e1,Ye1e4,Ye4f4] Mit dieser gewaltigen
Königsposition kann Schwarz leichten Herzens den a-Bauern aufgeben und sich
die weißen Bauern einverleiben.} 68. Ra4 Re1 69. Rxa2 Re4 70. Ra3 Rxf4 71. Rg3+
Kh5 72. Kh3 Rh4+ 73. Kg2 Rg4 $19) 54... Ke6 55. Ra6+ (55. Ke2 Ra1 56. Ra6+ Kf5
57. Rf6+ Ke4 58. Rxf7 a3 $19) (55. Kg2 $5 $17 {/\} Ra1 56. Ra6+ Kf5 57. Rf6+
Ke4 58. Rxf7 a3 59. f5 $1 a2 60. Ra7 Kxf5 61. Ra5+ $11 {draws even without the
Pg5.}) 55... Kf5 56. Rf6+ Kg4 57. Rxf7 Rf3+ $19 58. Kg2 Rxf4 59. Ra7 Kxg5 {
[%csl Ga4,Gf4,Gg6] Now with two extra pawns and an active R the _|_ is
trivially won. [#] Hecht:  Vor dem Hintergrund der o.a. Analysen ist die weiße
Aktion zwar verständlich, führt aber lediglich zu einer anderen
Verluststellung.} 60. Kg3 Rb4 61. Ra5+ Kh6 62. Ra8 Kh5 (62... g5 $19 {[%cal
Rg5g4,Rh6b3] /\g4,K-<<}) 63. Ra7 Rb3+ 64. Kg2 a3 65. Ra5+ g5 66. Ra4 g4 67. Ra8
Rc3 68. Kf2 Kg5 69. Ra7 Kf5 70. Ra4 g3+ 71. Kg2 Ke5 {Black's K just walks over
to the o^a3. Hecht: Der König wandert in aller Ruhe zum a-Bauern, während der
weiße abgeschnitten ist. Exitus!} 0-1

[Event "Vejle"]
[Site "Vejle"]
[Date "1994.??.??"]
[Round "?"]
[White "Hansen, Curt"]
[Black "Nunn, John DM"]
[Result "1/2-1/2"]
[WhiteElo "2580"]
[BlackElo "2605"]
[Annotator "Stohl,I"]
[PlyCount "59"]
[EventDate "1994.02.??"]
[EventType "tourn"]
[EventRounds "9"]
[EventCountry "DEN"]
[EventCategory "10"]
[SourceTitle "CBM 040"]
[Source "ChessBase"]
[SourceDate "1994.06.01"]
[SourceVersion "1"]
[SourceVersionDate "1994.06.01"]
[SourceQuality "1"]

1. Nf3 Nf6 2. d4 g6 3. Bf4 (3. Bg5 Bg7 4. c3 O-O 5. e3 d6 6. Be2 Nbd7 7. O-O h6
8. Bh4 e5 9. Nbd2 Re8 10. dxe5 dxe5 11. e4 Nc5 12. Qc2 a5 13. a4 Bd7 14. Rfd1
Qc8 15. Ne1 Bc6 16. f3 Nh5 17. Bf2 Nf4 18. Bb5 $1 Bxb5 19. axb5 Nce6 20. Nc4 b6
21. Nd3 $14 {Gawehns,K-Glek,I/Bonn GSK/1994/}) 3... Bg7 4. Nbd2 c5 5. dxc5 $5 (
5. e3 O-O 6. h3 b6 7. c3 d6 8. Be2 Bb7 9. O-O Nc6 10. Bh2 Re8 11. a4 Rc8 12.
Qb1 Bh6 13. Rd1 Qc7 14. Nc4 cxd4 15. exd4 Na5 $5 16. Nxa5 bxa5 17. Bb5 Be4 18.
Qa2 Bd5 19. Qb1 Red8 20. Re1 e6 21. Qd3 Bc4 22. Bxc4 Qxc4 $15 {Pedersen,
F-Fishbein,A/Herning/1991/}) (5. c3 O-O (5... cxd4 6. cxd4 O-O 7. e3 b6 8. Qa4
Bb7 9. Bxb8 $6 Qxb8 10. Ba6 Bc6 11. Bb5 Qb7 12. Bxc6 dxc6 13. O-O Nd7 14. Rfc1
c5 15. Nb3 Rfc8 16. Qb5 a6 17. Qe2 cxd4 18. Nfxd4 e5 19. Rxc8+ Rxc8 20. Nc2 e4
21. Ncd4 Ne5 $36 {Gliksman,D-Mikhalchishin,A/Bled op/1992/}) 6. e3 b6 7. h3 d6
8. Bc4 Bb7 9. O-O Nbd7 10. Bh2 Rc8 11. Qe2 Nb8 12. Rfc1 e6 13. a4 d5 $6 (13...
Nc6 $142 $10) 14. Bd3 c4 15. Bc2 Nc6 16. Ne5 Na5 17. Rf1 Ne4 18. Nef3 Nd6 19.
Rfe1 Qe7 20. Bf4 $14 {[+],Samovojska,D-Apicella,M/Cannes op/1989/}) 5... Qa5
$146 (5... Na6 $5 6. Be3 Ng4 7. Bd4 Bxd4 8. Nxd4 Nxc5 9. e4 d6 10. Bb5+ Kf8 11.
O-O Kg7 12. b4 Ne6 13. Nf5+ gxf5 14. exf5 Nf6 15. fxe6 Bxe6 16. Bd3 $13 {
1/2:1/2/Ramos,D-Beckmeyer,W/BL 8788/1987/}) 6. c3 Qxc5 7. e4 O-O 8. Bd3 (8. e5
$6 Ng4 9. Qe2 f6 $36) 8... d6 9. h3 (9. O-O Bg4 10. h3 Bxf3 11. Nxf3 Nbd7 $10)
9... Nbd7 10. O-O b6 11. Re1 Bb7 $10 12. Qe2 (12. e5 $2 Nh5 $17) 12... Rad8 (
12... e5 $5 13. Be3 Qc7 $13) 13. Rad1 Rfe8 (13... Qc8 $5 {/\Nc5=}) 14. Ba6 Qc8
(14... Ba8 $5 $132) 15. Bxb7 Qxb7 16. e5 $10 dxe5 17. Nxe5 Nh5 18. Bh2 Nxe5 19.
Bxe5 Bxe5 20. Qxe5 Rd5 21. Qe2 Red8 (21... Nf4 $6 22. Qf3 Nd3 23. Nc4 $1 $16)
22. Nf3 e6 (22... Nf4 23. Qc2 $10) 23. c4 R5d7 24. Rxd7 (24. Ne5 $4 Nf4 $19)
24... Qxd7 25. b3 Ng7 (25... Qd3 $5 $10) 26. Ne5 Qc7 27. Ng4 Ne8 28. Rd1 Rxd1+
29. Qxd1 f5 30. Ne3 (30. Ne3 Nf6 31. Qd4 e5 $10) 1/2-1/2

[Event "Moscow5"]
[Site "Moscow"]
[Date "1995.??.??"]
[Round "2"]
[White "Chekhov, Valery A"]
[Black "Fedorov, Alexei"]
[Result "1/2-1/2"]
[WhiteElo "2500"]
[BlackElo "2540"]
[Annotator "Stohl,I"]
[PlyCount "64"]
[EventDate "1995.??.??"]
[EventType "tourn"]
[EventRounds "11"]
[EventCountry "RUS"]
[EventCategory "10"]
[SourceTitle "CBM 049"]
[Source "ChessBase"]
[SourceDate "1995.12.01"]
[SourceVersion "1"]
[SourceVersionDate "1995.12.01"]
[SourceQuality "1"]

1. d4 Nf6 2. Nf3 g6 3. Bg5 Bg7 4. Nbd2 O-O 5. e4 d6 (5... d5 $5 6. exd5 (6. e5
Ne4 7. Bd3 Nxg5 8. Nxg5 c5 9. h4 $6 c4 10. Be2 Qb6 11. c3 Qxb2 12. Rc1 f6 13.
Nxc4 dxc4 14. Bxc4+ Kh8 15. Nf7+ Rxf7 16. Bxf7 Bf5 17. h5 gxh5 18. O-O Nc6 19.
Qxh5 Bd3 20. Rfe1 fxe5 21. d5 Na5 $17 {Nikolic,Z-Ilincic,Z/JUG-ch Novi Sad/
1995/}) 6... Nxd5 7. Nb3 h6 8. Bd2 Nd7 9. Be2 e5 10. dxe5 Nxe5 11. O-O c6 12.
c3 Qc7 13. Re1 Nf4 14. Nxe5 Bxe5 15. Bf1 {0,5/Bareev,E-Khalifman,A/Wijk (4.2)/
1995/}) 6. c3 c5 7. dxc5 dxc5 8. Bc4 (8. Be2 {[%cal Yd1c2,Yd2c4] /\Qc2,Nc4
It's usually better to occupy the important c4-square with a Knight.} Nc6 9.
O-O Qc7 10. Qc2 Rd8 11. Rfe1 h6 12. Bh4 Nh5 13. Nc4 Be6 14. Ne3 Nf4 15. Bf1 Ne5
16. Nxe5 Bxe5 17. Nc4 Bxc4 18. Bxc4 b5 $1 19. Bf1 c4 20. Red1 Nh5 21. Bg3 Nxg3
22. hxg3 Qb6 23. a4 a6 24. axb5 axb5 25. Rxa8 Rxa8 $15 {Yusupov,A-Kasparov,G/
Riga Tal mem/1995/}) 8... Nc6 9. O-O Qc7 (9... h6 10. Be3 b6 11. h3 Bb7 12. Qc2
e5 $6 {[%csl Rd5] ><d5} 13. Rfd1 Qe7 14. Nh2 Nd4 15. Qb1 Rfd8 16. f3 Nc6 17.
Ng4 Kh7 18. Nxf6+ Bxf6 19. Bd5 Kg7 20. a4 Rd7 21. Nc4 Rad8 22. Qc2 Bg5 23. Bf2
$14 {Plachetka,J-Wittmann,W/AUT-chT 9495/1995/}) (9... Na5 $1 10. Be2 Be6 11.
Re1 a6 12. Qc2 b5 13. Nb3 Nxb3 14. axb3 Qc7 15. Bh4 h6 16. Nd2 Qb6 17. Nf1 Rfd8
18. Ne3 Ra7 19. Red1 Rad7 20. Rxd7 Rxd7 21. c4 $6 Rd4 22. f3 Rd7 23. Bf2 Nh5
24. g3 Bd4 $15 {Malaniuk,V-Marin,M/Caciulata/1992/}) 10. Re1 h6 11. Bh4 (11.
Be3 $6 Ng4 $17 12. Bxc5 $2 Nce5 $19) 11... Nh5 12. Qc2 (12. Bf1 Rd8 13. Qc2 Rb8
14. a4 a6 15. Nc4 b5 16. axb5 axb5 17. Ne3 g5 18. Bg3 Nxg3 19. hxg3 e6 $10)
12... Rb8 $146 (12... Bg4 13. Rac1 Rad8 14. b4 $6 Ne5 15. Nxe5 Qxe5 16. Nf1 g5
17. Bg3 Nxg3 18. hxg3 b5 $1 19. Be2 Bxe2 20. Qxe2 c4 21. Nh2 Rd3 22. Nf3 Qc7
23. e5 Rfd8 24. Qe4 R8d5 25. g4 e6 $17 {[%csl Rc3] <->d,><c3,Sale,S-Tkachiev,V/
Cannes op/1995/}) (12... b6 13. Be2 (13. a3 g5 14. Bg3 Nxg3 15. hxg3 e6 16.
Rad1 Bb7 17. Ba2 g4 18. Nh4 b5 19. e5 Nxe5 20. c4 b4 21. axb4 cxb4 22. c5 Rfd8
23. Nb3 Bd5 24. Re3 a5 $19 {Duong,T-Kudrin,S/New York op/1991/}) 13... Bb7 14.
Nc4 g5 15. Bg3 Nxg3 16. hxg3 Ne5 17. Nfxe5 Bxe5 18. Nxe5 Qxe5 19. Bc4 Rad8 20.
Rad1 e6 21. Rd2 Rd6 {0,5/Malaniuk,V-Timoshchenko,G/Palma GMA-op/1989/}) 13. a4
a6 14. Nb3 {[%cal Ra4a5] /\a5} b5 $8 15. axb5 axb5 16. Bf1 c4 (16... Ne5 $5 17.
Nbd2 (17. Nxe5 Bxe5 18. Bg3 Nxg3 19. hxg3 c4 $15) 17... Bg4 18. Bg3 $5 Nxg3 19.
hxg3 $10) 17. Nbd4 Nxd4 18. Nxd4 (18. cxd4 $6 g5 19. Bg3 Nxg3 20. hxg3 g4 $17)
18... e5 $10 {Stabilizes the center (symetrical e4-e5 strucrture with open
d-file) and equalizes.} 19. Nf3 Be6 20. Ra6 g5 21. Bg3 Rfd8 22. Rea1 Nf4 {
[%csl Rg3] ץg3} (22... Nxg3 $6 23. hxg3 $14 {[%cal Ga1a8] <->a}) 23. Qc1 Qc5
24. Qe3 $5 (24. Ra7 Bg4 $15) 24... Qxe3 25. fxe3 Ng6 26. h3 Bc8 27. Ra8 Bb7 28.
Rxb8 Rxb8 29. Nd2 Bf8 (29... Rd8 30. Be1 {/\b3=}) 30. Ra5 Bc6 (30... Bc5 $6 31.
Nxc4 $1 (31. Rxb5 $2 Bxe3+ 32. Bf2 Bxd2 33. Ba7 Ra8 34. Rxb7 Rxa7 $1 35. Rxa7
Be3+ $19) 31... Bxe4 32. Nxe5 Bxe3+ 33. Kh2 $14) 31. Be2 Rd8 32. Be1 Ra8 (32...
Ra8 33. Rxa8 Bxa8 34. b3 cxb3 35. Nxb3 Bxe4 36. Bxb5 Nh4 37. Bxh4 gxh4 38. Nd2
{/\Nf3=}) 1/2-1/2